Kodaikanal : (Record no. 90210)

MARC details
000 -LEADER
fixed length control field 00664nam a22001937a 4500
005 - DATE AND TIME OF LATEST TRANSACTION
control field 20141127110602.0
010 ## - LCCN (DPL NO)
LC control number ENG-111315
020 ## - INTERNATIONAL STANDARD BOOK NUMBER
International Standard Book Number 9789383098569
Terms of availability 1995.00
035 ## - SYSTEM CONTROL NUMBER
System control number EN-94847
037 ## - SOURCE OF ACQUISITION
Source of stock number/acquisition DBAD/PUB
082 ## - DEWEY DECIMAL CLASSIFICATION NUMBER
Classification number 954.82
245 ## - TITLE STATEMENT
Title Kodaikanal :
Statement of responsibility, etc edited by Pradeep Chakravarthy...[et al]
Remainder of title vanishing heritage of an island in the sky /
260 ## - PUBLICATION, DISTRIBUTION, ETC. (IMPRINT)
Place of publication, distribution, etc New Delhi
Name of publisher, distributor, etc Niyogi Books
Date of publication, distribution, etc 2015
270 ## - ADDRESS
Address D-78, Okhla Industrial Area, Phase-I
City New Delhi
Postal code 110020
300 ## - PHYSICAL DESCRIPTION
Extent 240p. :
Dimensions 24cm(Hb)
Other physical details col. photos
500 ## - GENERAL NOTE
General note Includes bibliographical references and index
700 ## - ADDED ENTRY--PERSONAL NAME
Personal name Chakravarthy, Pradeep
942 ## - ADDED ENTRY ELEMENTS (KOHA)
Source of classification or shelving scheme Dewey Decimal Classification
Item type English Books
Call number suffix CHA
Classification part 954.82
Holdings
Withdrawn status Lost status Not for loan Collection code Home library Current library Date acquired Source of acquisition Cost, normal purchase price Full call number Barcode Copy number Cost, replacement price Koha item type
    Not For Loan Non-fiction D.B.Act.Division D.B.Act.Division 21/11/2014 DBAD/PUB 1995.00 954.82 CHA EN-94847 1 1995.00 English Books

© Delhi Public Library
Hit Counter
free hit counter